000 00689nam a2200205 i 4500
001 bg
100 1 _aMORZY, Tadeusz
245 0 _aZarządzanie współbieżnym wykonywaniem transakcji w systemach wielowersyjnych baz danych /
_cTadeusz Morzy.
260 _aPoznań :
_bWydaw. PP,
_c1992.
300 _a149 s. :
_brys. ;
_c24 cm.
490 1 _aRozprawy Naukowe / Politechnika Poznańska,
_x0551-6528 ;
_vnr 273
504 _aBibliogr. s. 141-146.
710 _aPOLITECHNIKA POZNAŃSKA (Poznań)
830 0 _aRozprawy Naukowe (Politechnika Poznańska) ;
_vnr 273
040 _cBPK
041 _apol
080 _a519.683.5
942 _cKS
008 s pl f |000 0 pol
999 _c30011
_d30011
856 _uhttp://koha.tu.koszalin.pl/cgi-bin/koha/opac-detail.pl?biblionumber=30011
_yKatalog online BPK